000
00187 a2200097 4500
001
2549
100
_a
Read, P P
245
_a
Alive
260
_a
_b
Lippincott Co.
_c
090
_c
1846
_d
1846
942
_a
NUST-CAE
_c
M
_c
9402
999
_c
237622
_d
237622